<?xml version="1.0" encoding="UTF-8"?>
<marc:record xmlns:marc="http://www.loc.gov/MARC21/slim">
   <marc:leader>00000nam a2200000 a 4500</marc:leader>
   <marc:datafield ind1="1" ind2=" " tag="100">
      <marc:subfield code="a">Jones, Dan</marc:subfield>
      <marc:subfield code="4">aut</marc:subfield>
      <marc:subfield code="e">Verfasser/-in</marc:subfield>
   </marc:datafield>
   <marc:datafield ind1=" " ind2=" " tag="653">
      <marc:subfield code="a">Historische Romane und Erzählungen</marc:subfield>
   </marc:datafield>
   <marc:datafield ind1="0" ind2="0" tag="245">
      <marc:subfield code="a">Essex Dogs 2: Winterwölfe</marc:subfield>
   </marc:datafield>
   <marc:datafield ind1="0" ind2="0" tag="245">
      <marc:subfield code="b">Roman</marc:subfield>
   </marc:datafield>
   <marc:datafield ind1="0" ind2="0" tag="245">
      <marc:subfield code="c">Jones, Dan</marc:subfield>
   </marc:datafield>
   <marc:datafield ind1=" " ind2="1" tag="264">
      <marc:subfield code="a">München</marc:subfield>
      <marc:subfield code="b">C.H.Beck</marc:subfield>
      <marc:subfield code="c">2024</marc:subfield>
   </marc:datafield>
   <marc:datafield ind1="1" ind2=" " tag="490">
      <marc:subfield code="a">Essex Dogs Trilogie</marc:subfield>
      <marc:subfield code="v">Band 2</marc:subfield>
   </marc:datafield>
   <marc:datafield ind1=" " ind2=" " tag="250">
      <marc:subfield code="a">1. Auflage</marc:subfield>
   </marc:datafield>
   <marc:datafield ind1="1" ind2=" " tag="520">
      <marc:subfield code="a">Dan Jones' fulminante Fortsetzung der Essex-Dogs-Saga&#xD;
Wolves of Winter&#xD;
&#xD;
Ende August 1346: Die große Schlacht bei Crécy ist geschlagen. Die erschöpften Essex Dogs wollen nach Hause, doch der englische König hat anders entschieden: Noch weiter im Norden liegt die reiche Hafenstadt Calais. Während der winterlichen Belagerung werden die Söldner zu einsamen Wölfen... Im zweiten Teil seiner Essex-Dogs-Trilogie lässt Dan Jones seine Leser ganz tief eintauchen in ein dunkles Mittelalter, in dem die zarten Flammen an Menschlichkeit, Sehnsucht und Liebe nur umso heller leuchten.&#xD;
&#xD;
Mit französischem Terrain sind die englischen Söldner mittlerweile vertraut. Aber eine monatelange Belagerung einer Stadt und ihrer Bewohner – das ist auch für Männer, die schon alles gesehen haben, eine brutale Erfahrung. Wofür und gegen wen kämpfen sie hier?&#xD;
Im zweiten Teil seiner Essex-Dogs-Trilogie versteht es Dan Jones meisterhaft, seine Leser mit filmreifen Szenenwechseln in Atem zu halten. Die Dogs geraten in den Bann einer flämischen Söldnerin, die sich aufs Geschäft mit der Liebe versteht. Die junge Squelette ist auf Rache an den Engländern aus – und trägt das Messer, das ihr Loveday einst geschenkt hatte, immer bei sich. Romford will sich nach England absetzen, wird von Piraten in das belagerte Calais geschleust und flieht kurz vor der Kapitulation der Stadt mit einem geheimisvollen Dokument. Hinter alledem ist ein finsteres Grollen zu vernehmen. Für die Dogs bahnt sich eine Katastrophe an. Ihre Welt wird sich für immer verändern.&#xD;
&#xD;
„Warum zur Hölle belagern wir dieses Drecksloch von einer Stadt?“ Sir Hugh Hastings zu Scotsman&#xD;
„Packend und detailreich erzählt. Wer Ken Follett mag, wird es lieben!“ Freundin&#xD;
„Dan Jones übersetzt mittelalterliche Militärgeschichte in einen spektakulären Hollywood- Film.“ The New York Times Book Review&#xD;
„Das Buch brummt vor schwarzem Humor. Ein kurzweiliger Streifzug durch das dunkelste Zeitalter.“ Kirkus Review&#xD;
„Ein packender Roman, der vor Schwert schwingender Energie nur so vibriert.“ Simon Sebag Montefiore&#xD;
&#xD;
Die Essex Dogs lassen den Hundertjährigen Krieg hautnah miterleben – von ganz unten, wo Schlamm, Blut, Hunger, Angst und unstillbare Sehnsucht herrschen, wo die Mächtigen als skrupellose, lächerliche Gestalten erscheinen und an jeder Ecke Gefahr lauert.&#xD;
&#xD;
Loveday&#xD;
kampferprobter Anführer, der seine Essex Dogs heil nach England zurückbringen will, begegnet einer mysteriösen Frau, die ihn in ihren Bann schlägt.&#xD;
&#xD;
Scotsman&#xD;
der Größte der Dogs, kann Wände einreißen.&#xD;
&#xD;
Millstone&#xD;
Der Steinmetz ist zu allem bereit, um die anderen zu beschützen. Und er jagt einen korrupten, gewissenlosen Kleriker.&#xD;
&#xD;
Romford, der Jüngste&#xD;
wird zum Pagendienst beim ebenfalls erst sechzehn Jahre alten Prinzen von Wales abkommandiert, den er mit einem süchtig machenden Pulver versorgt.&#xD;
&#xD;
Darys, Lyntyn, Tebbes, Thorp&#xD;
Ohne die Bogenschützen wären die Essex Dogs verloren – und der englische König erst recht.&#xD;
&#xD;
"Die Zusammenarbeit mit dem irrsinnig talentierten Ash Fields war eine der aufregendsten kreativen Erfahrungen meines Lebens." Dan Jones&#xD;
&#xD;
"Unser Feldzug währt nun schon sehr lange und dauert immer noch fort. Dennoch erwarten wir nicht, das Königreich Frankreich zu verlassen, bevor wir unseren Krieg zu Ende gebracht haben…"&#xD;
&#xD;
Edward III., Calais 1346</marc:subfield>
   </marc:datafield>
   <marc:datafield ind1=" " ind2=" " tag="020">
      <marc:subfield code="a">9783406822056</marc:subfield>
      <marc:subfield code="9">9783406822056</marc:subfield>
   </marc:datafield>
   <marc:datafield ind1=" " ind2=" " tag="020">
      <marc:subfield code="a">3406822053</marc:subfield>
      <marc:subfield code="9">3406822053</marc:subfield>
   </marc:datafield>
   <marc:datafield ind1=" " ind2=" " tag="041">
      <marc:subfield code="a">ger</marc:subfield>
   </marc:datafield>
   <marc:datafield ind1=" " ind2=" " tag="300">
      <marc:subfield code="b">mit 1 Karte</marc:subfield>
   </marc:datafield>
   <marc:datafield ind1="0" ind2=" " tag="490">
      <marc:subfield code="v">Band 2</marc:subfield>
   </marc:datafield>
   <marc:datafield ind1=" " ind2=" " tag="338">
      <marc:subfield code="a">Band</marc:subfield>
   </marc:datafield>
   <marc:datafield ind1=" " ind2=" " tag="300">
      <marc:subfield code="a">428 Seiten</marc:subfield>
   </marc:datafield>
</marc:record>
